| Tag |
First Indicator |
Second Indicator |
Subfields |
| LEADER |
00000cam a2200000 a 4500 |
| 001 |
in00001057021 |
| 005 |
20150929083347.0 |
| 008 |
920302s1991 enka 001 0 eng d |
| 020 |
|
|
|a 1853840238
|
| 035 |
|
|
|a (OCoLC)25379566
|
| 035 |
|
|
|9 AFK0940AM
|
| 040 |
|
|
|a CSL
|c CSL
|d UtOrBLW
|
| 049 |
|
|
|a TXAM
|
| 090 |
|
|
|a HF5548.2
|b .I92 1991
|
| 100 |
1 |
|
|a Ives, Stephen R.
|
| 245 |
1 |
0 |
|a Managing information networks for competitive advantage /
|c Stephen R. Ives.
|
| 264 |
|
1 |
|a Sutton, Surrey :
|b Computer Weekly Publications,
|c [1991]
|
| 264 |
|
4 |
|c ©1991
|
| 300 |
|
|
|a vi, 195 pages :
|b illustrations ;
|c 21 cm.
|
| 336 |
|
|
|a text
|b txt
|2 rdacontent
|
| 337 |
|
|
|a unmediated
|b n
|2 rdamedia
|
| 338 |
|
|
|a volume
|b nc
|2 rdacarrier
|
| 504 |
|
|
|a Includes bibliographical references and index.
|
| 650 |
|
0 |
|a Business
|x Data processing.
|
| 650 |
|
0 |
|a Computer networks.
|
| 999 |
|
|
|a MARS
|
| 999 |
f |
f |
|s a4dd1708-bc25-3739-b480-c093204d1694
|i f688c0e0-ab66-39d9-a8e8-9574fc9e4a52
|t 0
|
| 952 |
f |
f |
|p ric
|a Texas A&M University
|b Rellis Campus
|c Joint Library Facility
|d Remote Storage
|t 0
|e HF5548.2 .I92 1991
|h Library of Congress classification
|i unmediated -- volume
|m A14815545583
|
| 998 |
f |
f |
|a HF5548.2 .I92 1991
|t 0
|l Remote Storage
|